Logo BPK

Biblioteka

Politechniki Koszalińskiej

Fizyka statyczna i termodynamika / (Rekord nr 4115)

Szczegóły MARC
000 -ETYKIETA REKORDU
podpole kontrolne o stałej długości 00454nam a2200157 i 4500
001 - NUMER KONTROLNY REKORDU
pole kontrolne bg
040 ## - ŹRÓDŁO KATALOGOWANIA
Instytucja, która utworzyła rekord BPK
041 ## - KOD JĘZYKA
Kod języka tekstu pol
008 - POLE O STAŁEJ DŁUGOŚCI - DANE KONTROLNE
podpole kontrolne o stałej długości s pl f |000 0 pol
100 1# - NAZWA OSOBOWA
Nazwa osobowa Ingarden, Roman Stanisław
Daty związane z nazwą (1920-2011).
245 #0 - TYTUŁ/ODPOWIEDZIALNOŚĆ
Tytuł Fizyka statyczna i termodynamika /
Pozostałe elementy strefy tytułu i oznaczenia odpowiedzialności R. S. Ingarden, A. Jamiołkowski, R. Mrugała.
260 ## - STREFA ADRESU WYDAWNICZEGO
Miejsce wydania Warszawa,
Data publikacji, dystrybucji/powstania dokumentu 1990.
700 1# - HASŁO DODATKOWE - NAZWA OSOBOWA
Nazwa osobowa Jamiołkowski, Andrzej
Daty związane z nazwą (1946- ).
700 1# - HASŁO DODATKOWE - NAZWA OSOBOWA
Nazwa osobowa Mrugała, Ryszard.
856 ## - LOKALIZACJA I DOSTĘP DO ELEKTRONICZNYCH DOKUMENTÓW ZDALNYCH
Link (URL) http://koha.tu.koszalin.pl/cgi-bin/koha/opac-detail.pl?biblionumber=4115
Tekst linku Katalog online BPK
942 ## - DODATKOWE ELEMENTY (KOHA)
Typ dokumentu Książka
Egzemplarze
Wycofany Status egzemplarza Uszkodzony Dostępność Lokalizacja stała Lokalizacja bieżąca Miejsce przechowywania Sygnatura Kod kreskowy Typ dokumentu
      Dostępny Biblioteka Politechniki Koszalińskiej Biblioteka Politechniki Koszalińskiej Wypożyczalnia BG P 39735 01376425 Książka
      Dostępny Biblioteka Politechniki Koszalińskiej Biblioteka Politechniki Koszalińskiej Wypożyczalnia BG P 39736 01629163 Książka
© 2023 Biblioteka Politechniki Koszalińskiej :: KOHA